Vplyv krízy na riadenie podnikov

Popis, priebeh, spracovanie a vyhodnotenie výskumu na tému riadenie podnikov v podmienkach krízy. Prínosy uvedeného prieskumu pre oblasť riadenia podnikov pôsobiacich na Slovensku.

Guardado en:
Detalles Bibliográficos
Autor principal: Szabo, Ľuboslav
Otros Autores: Vaňková, Dana
Formato: Capítulo de libro
Lenguaje:eslovaco
Materias:
Etiquetas: Agregar Etiqueta
Sin Etiquetas, Sea el primero en etiquetar este registro!

MARC

LEADER 00000naa$a2200000$$$4500
001 0162548
005 20240502072821.2
041 0 |a slo 
044 |a SK 
245 1 0 |a Vplyv krízy na riadenie podnikov  |c Ľuboslav Szabo, Dana Vaňková 
520 |a Popis, priebeh, spracovanie a vyhodnotenie výskumu na tému riadenie podnikov v podmienkach krízy. Prínosy uvedeného prieskumu pre oblasť riadenia podnikov pôsobiacich na Slovensku. 
610 2 0 |a manažment 
610 2 0 |a riadenie podnikové 
610 2 0 |a procesy podnikové 
610 2 0 |a metódy riadenia 
610 2 0 |a vedenie ľudí 
610 2 0 |a vedenie podniku 
610 2 0 |a prieskum 
100 1 |a Szabo, Ľuboslav 
700 1 |a Vaňková, Dana